Candelero
Salvato in:
| Autore principale: | |
|---|---|
| Natura: | Libro |
| Lingua: | italiano spagnolo |
| Pubblicazione: |
Buenos Aires
Universidad de Buenos Aires
2008
|
| Soggetti: | |
| Tags: |
Aggiungi Tag
Nessun Tag, puoi essere il primo ad aggiungerne!!
|
MARC
| LEADER | 00000cam a2200000 a 4500 | ||
|---|---|---|---|
| 001 | UCF2144 | ||
| 003 | CL-VaPUC | ||
| 008 | 120810e20080000AG |||||||||||||||||ita|d | ||
| 020 | |a 9789871450183 | ||
| 041 | 0 | 7 | |a ita |2 CL-VaPUC |
| 041 | 0 | 7 | |a spa |2 CL-VaPUC |
| 082 | 0 | 4 | |a 852 |b BRU |2 21 |
| 100 | |a Bruno, Giordano |e author |9 319314 | ||
| 245 | 1 | 0 | |a Candelero |
| 300 | |a 370 p | ||
| 942 | |c BK | ||
| 945 | |d 20120810 00:00:00 |a dcastane | ||
| 260 | |a Buenos Aires |b Universidad de Buenos Aires |c 2008 | ||
| 650 | 7 | |a TEATRO ITALIANO |2 CL-VaPUC |9 265583 | |
| 583 | |a last modification |c 20120810 11:35:00 |k Rodrigo Vera | ||
| 999 | |c 348790 |d 348788 | ||
| 952 | |0 0 |1 0 |4 0 |6 852_000000000000000_BRU_2008 |7 0 |8 A |9 450966 |a BIBEDU |b BIBEDU |d 2019-11-22 |i 4891465 |o 852 BRU 2008 |p 4891465 |r 2019-11-22 |w 2019-11-22 |y BK |k LIT | ||